000 00714nam a22002537a 4500
999 _c8403
_d8403
003 AR-CdUCM
008 190325b ||||| |||| 00| 0 spa d
040 _aMUNICIPALIDAD PROVINCIAL DEL CUSCO
_cBIBLIOTECA MUNICIPAL DEL CUSCO
082 _a818.5 /
_bSA27
100 _aSavage, Mildred
_923583
245 _aParrish /
260 _aBarcelona :
_bBruguera,
_c1967.
300 _a671 paginas ;
_c17 cm.
500 _aCuentos
650 _aCuentos
_9217
650 _aSIglo XX
_97898
650 _aLiteratura
_983
700 _aParrish-Bach, Leslie
_923584
700 _aMunson, Russell
_923585
700 _aHowell, Carol
_923586
700 _aHowell, Frederick
_923587
942 _2ddc
_cLIBROS
945 _apjha